00415pab a2200133 454500008004000000100001900040245010500059260000900164300001300173362000900186650002800195650001200223773004600235180718b1998 xxu||||| |||| 00| 0 eng d aEarly, Dirk W. aThe role of subsidized housing in reducing homelessness: an empirical investigation using micro data c1998 ap.687-96 aFall aHousing - United States aHousing aJournal of Policy Analysis and Management